000 00577nam a22002057a 4500
005 20251108173147.0
008 250721s2005 xx 000 0 ara d
020 _a9957051156
082 1 4 _a791.44/محم
100 1 _aمحمود، معروف رفيق
245 1 0 _aالغاز ومسابقات اذاعية /
264 1 _aعمان :
_bدار الضياء للنشر والتوزيع،
_c2005.
300 _a132ص
650 1 7 _aالإذاعة
650 1 7 _aالألغاز
650 1 7 _aالمسابقات
650 1 7 _aقطر
942 _2ddc
_cBK
999 _c97442
_d97442